000
00397nam a22001577a 4500
003
MPLRDC
005
20220104143800.0
008
210129b ||||| |||| 00| 0 eng d
082
_a
848.1 CJR-8
100
_a
曹聚仁著
245
_a
秦淮感旧录 (第一集)
_c
260
_a
_b
香港三育图书文具公司
_c
1974
300
_b
平
650
_a
现代别集
942
_c
BK
_o
848.1 CJR-8
999
_c
43278
_d
43268